Регионална библиотека "Любен Каравелов" - Русе

New standard dictionary of the english language (Запис номер 59027)

MARC детайли
000 -Лидер
Контролно поле с фиксирана дължина 01170nam a2200301 c 4500
003 - Код на организацията, давaща контролен номер
Контролно поле BLK
005 - Дата и час на последна редакция
Контролно поле 20250605174839.0
008 - Елементи от данни с фиксирана дължина
fixed length control field 180408b bul|||||r ||||||| ||bul||
010 ## - Наследен системен номер
LC control number KNG00063103000
040 ## - Източник на каталожния запис
Идентификатор на билиотеката - собственик на записа BLK
041 ## - Код за език
Код за езика КДБФ Английски
Код за езика на текст/звукозапис или на отделно заглавие Български
080 ## - УДК
Текстов определител УДК Общи енциклопедии. Енциклопедични речници. Научни справочници. Отраслови енциклопедии и справочници се класират в съответните отдели с определител за форма
УДК код - определител по УДК 03
УДК - код + определител 03
139 ## - Редно поле
Редна дума New standard dictionary of the english language
245 10 - Сведения за заглавието
Заглавие New standard dictionary of the english language
260 ## - Област на издателските данни
Име на издателя, разпространителя и проч. Funk Wagnalls Company
Година на издаване 1922
Място на издаване, разпространение и проч. New York and London
300 ## - Физическа характеристика
Страници 2808 с.
Размери/Мащаб 32 см
Илюстрации и др. ill.
380 ## - Жанр
Жанр Общ отдел
650 #7 - Допълнително описание по предмет – тема
9 (RLIN) 147024
Основно описание – тема или топоним Английски език - речници
653 #7 - Ключова дума – ненормативна
9 (RLIN) 195539
Ключова дума речници
852 ## - Местоположение
Форматна сигнатура Цб ІІ 30728
Фондова буква Хранилище
999 ## - СИСТЕМНИ КОНТРОЛНИ НОМЕРА
Koha biblionumber 59027
Koha biblioitemnumber 59027
942 ## - АРТИКУЛИ
Вид на библиотечния материал Книги
Скрит в OPAC Не
Koha issues (borrowed), all copies 13
Периодичен библиозапис Да
944 ## - СЪЗДАВАНЕ И РЕДАКЦИЯ на ЗАПИСА
Създаване/Редакция Създаване
Дата на регистрацията/редакция 13.06.2004
Служител, извършил регистрацията/редакцията 30551
Статус, дата на статуса Бояна Костадинова
944 ## - СЪЗДАВАНЕ И РЕДАКЦИЯ на ЗАПИСА
Създаване/Редакция Редакция
Дата на регистрацията/редакция 13.06.2004
944 ## - СЪЗДАВАНЕ И РЕДАКЦИЯ на ЗАПИСА
Създаване/Редакция Редакция
Дата на регистрацията/редакция 2022-03-14
999 ## - СИСТЕМНИ КОНТРОЛНИ НОМЕРА
Koha biblioitemnumber 59027
999 ## - СИСТЕМНИ КОНТРОЛНИ НОМЕРА
Koha biblioitemnumber 59027
999 ## - СИСТЕМНИ КОНТРОЛНИ НОМЕРА
Koha biblioitemnumber 59027
Наличности
Код за отписване Код за изгубен артикул Източник на класификационната схема Код за повреда Коз за рестрикции Код за отдаване Артикулен № Име на библиотеката - собственик Име на библиотеката, в която се намира в момента Статус (Текущо местоположение) Дата на вписване в системата Местоположение - отдел Цена в лева Инвентарен номер Систематично азбучна сигнатура Баркод Номер на екземпляра Цена в евро Служебна бележка Служебен тип на артикула
  Не е изгубен Universal Decimal Classification Не е повреден без рестрикции ползва се в читалня 96132 Регионална библиотека "Любен Каравелов" Русе Регионална библиотека "Любен Каравелов" Русе Основен фонд - ползва се само за читалня 1993-01-01 Хранилище 200.00 482317 Цб ІІ 30728 120000482317 1 102.26 Дата инв: 31.03.2017 Бележки инв: СЧ2017 Книги
Vip Innovations Ltd, Rousse, Bulgaria 2025